Statistiques concernant Régions géographiques de France n°2 - Carte Quiz

Cliquez ici pour prendre le quiz!

Statistiques générales

  • Ce quiz a été pris 6 252 fois
  • Le résultat moyen est 7 sur 20

Réponses sur la Carte

Les réponses sont colorées sur une échelle allant du rouge au vert en fonction du pourcentage des utilisateurs qui les ont devinées à leur premier essai. Vous pouvez retrouver ces pourcentages ci-dessous.
 

Statistiques - réponses

Réponse% Correct
Pays Bigouden
53%
Bresse
49%
Verdon
49%
Larzac
45%
Bigorre
44%
Mercantour
44%
Armagnac
39%
Forez
37%
Perche
33%
Charolais
32%
Pays de Caux
31%
Tarentaise
30%
Pays d'Auge
29%
Bourbonnais
26%
Saintonge
26%
Léon
25%
Gâtinais
23%
Barrois
22%
Valois
22%
Mauges
17%

Distribution des résultats

Percentile par nombre de réponses

% des personnes avec chaque résultat

Votre développement - résultats

Vous n’avez pas pris ce quiz